000 00809cab a2200241 4500
001 WB3447-31
008 090401t1998 xxu||||| |||| 00| 0 eng d
035 _a(Sirsi) u90183
041 _aeng
245 _aDeer estate managers criticise reforms
260 _c1998
350 _a0
490 _aScotsman
_v4 December 1998, 6(1)
520 _aThe Association of Deer Management Groups is opposing three aspects of Labour`s rural policy. They do not believe national parks are necessary, or that there is any need for land reform or the protection of threatened habitats.
650 _aASSOCIATION OF DEER MANAGEMENT GROUPS
650 _aDEER ESTATES
650 _aLABOUR PARTY
650 _aRURAL POLICY
650 _aSCOTLAND
690 _aRURAL PRACTICE
942 _n0
948 _c08/12/1998
999 _c57135
_d57135